Román Calvo: el Sherlock Holmes chileno
Bewaard in:
| Hoofdauteur: | |
|---|---|
| Formaat: | Boek |
| Taal: | Spaans |
| Gepubliceerd in: |
Santiago
Del Pacífico
1953
|
| Reeks: | Colección de Autores Chilenos, 3
|
| Onderwerpen: | |
| Tags: |
Voeg label toe
Geen labels, Wees de eerste die dit record labelt!
|
MARC
| LEADER | 00000nam a2200000 a 4500 | ||
|---|---|---|---|
| 001 | UCT1629 | ||
| 003 | CL-VaPUC | ||
| 008 | 961004e19530000CL |||||||||||||||||spa|d | ||
| 082 | 0 | 4 | |a Ch863 |b EDW |2 21 |
| 100 | 0 | |a Edwards, Alberto |e author |9 370587 | |
| 245 | 1 | 0 | |a Román Calvo: el Sherlock Holmes chileno |
| 300 | |a 153 p | ||
| 942 | |c BK | ||
| 945 | |d 19961004 00:00:00 |a nastorga | ||
| 260 | |a Santiago |b Del Pacífico |c 1953 | ||
| 650 | 0 | |a Novelas chilenas |9 265425 | |
| 583 | |a last modification |c 19961004 00:00:00 |k Rodrigo Vera | ||
| 490 | 0 | |a Colección de Autores Chilenos, 3 | |
| 999 | |c 252098 |d 252096 | ||
| 952 | |0 0 |1 0 |4 0 |6 CH_863_000000000000000_EDW_1953 |7 0 |8 A |9 271761 |a BIBEDU |b BIBEDU |d 2019-11-19 |i 3233979 |o Ch863 EDW 1953 |p 3233979 |r 2019-11-19 |w 2019-11-19 |y BK |k LIT | ||
| 952 | |0 0 |1 0 |4 0 |6 CH_863_000000000000000_EDW_1953 |7 0 |8 A |9 271762 |a BIBEDU |b BIBEDU |d 2019-11-19 |i 3296385 |o Ch863 EDW 1953 |p 3296385 |r 2019-11-19 |w 2019-11-19 |y BK |k LIT | ||
| 952 | |0 0 |1 0 |4 0 |6 CH_863_000000000000000_EDW_1953 |7 0 |8 A |9 271763 |a BIBEDU |b BIBEDU |d 2019-11-19 |i 1443585 |o Ch863 EDW 1953 |p 1443585 |r 2019-11-19 |w 2019-11-19 |y BK |k LIT | ||
| 952 | |0 0 |1 0 |4 0 |6 CH_863_000000000000000_EDW_1953 |7 0 |8 A |9 271764 |a BIBEDU |b BIBEDU |d 2019-11-19 |i 144428K |o Ch863 EDW 1953 |p 144428K |r 2019-11-19 |w 2019-11-19 |y BK |k LIT | ||